Disney Characters --Princess Movies - Statistics

General Stats
  • This quiz has been taken 108 times
    66 since last reset
  • The average score is 49 of 126
Answer Stats
Hint Answer % Correct
Sleeping Beauty Aurora
91%
Beauty and the Beast Belle
85%
Beast
74%
Cinderella Cinderella
72%
Anna
70%
Princess and the Frog Tiana
70%
The Little Mermaid Ariel
67%
Mulan Mulan
67%
Phillip
67%
Snow White and the 7 Dwarves Snow White
67%
Moana Moana
65%
Po
65%
(Prince) Charming
63%
Frozen Elsa
63%
Tangled Rapunzel
63%
Grandmother Fa
61%
Gus Gus
61%
Aladdin
59%
Aladdin Jasmine
59%
Lumiere
59%
Chip
57%
Flounder
57%
Gaston
57%
Brave Merida
57%
Pocahontas Pocahontas
57%
Eric
54%
Evil Queen
54%
(Mother) Gothel
54%
Sebastian
54%
Anastasia
52%
Dopey
52%
Flora
52%
Happy
52%
Naveen
52%
(Ms) Potts
52%
Sleepy
52%
Drizella
50%
Fauna
50%
Grumpy
50%
Jafar
50%
John Smith
50%
Kristoff
50%
Maui
50%
Merryweather
50%
Olaf
50%
Bashful
48%
Doc
48%
Sven
48%
Triton
48%
Cogsworth
46%
Mushu
46%
(King) Stefan
46%
Genie
43%
Hans
43%
Pascal
43%
Prince
43%
Sneezy
43%
(Lady) Tremaine
43%
Iago
41%
(Chef) Louis
41%
Max
41%
Abu
39%
(Dr) Facilier
39%
Jaq
39%
Maurice
39%
Rajah
39%
Ray
39%
Sultan
39%
Ursula
39%
Eugene
35%
Hei Hei
35%
(Mama) Odie
35%
Scuttle
35%
Shang
35%
Charlotte
33%
(Lucky) Cricket
33%
Pua
33%
Lucifer
30%
Maximus
30%
Meeko
30%
(Governor) Ratcliffe
30%
(Grandmother) Willow
30%
Fairy Godmother
28%
(King) Hubert
28%
Huntsman
28%
Magic Mirror
26%
Te Fiti
24%
(Horse) Angus
22%
Carpet
22%
Flit
22%
Flotsam
22%
Jetsam
22%
Percy
22%
Shan Yu
22%
Thomas
22%
Elinor
20%
Grimsby
20%
Ling
20%
Yao
20%
Hammish
17%
(Queen) Iduna
17%
Mor du
17%
(gramma) Tala
17%
Tamatoa
17%
(King) Agnarr
15%
Lawrence
15%
(Lord) Dingwall
13%
Fergus
13%
(horse) Khan
13%
(Lord) MacGuffin
13%
Marshmallow
13%
Nakoma
13%
Oaken
13%
(cheif) Tui
13%
Evangeline
11%
Harris
11%
Fu
9%
Kocoum
9%
(Lord) Macintosh
9%
Pabbie
9%
Malificent
7%
Maudie
4%
Diaval
2%
Zao
2%
No matching quizzes found
Score Distribution
Percent of People with Each Score
Percentile by Number Answered
Your Score History
You have not taken this quiz since the last reset